[Event "Valencia-ch"]
[Site "Puerto de Sagunto"]
[Date "2017.04.30"]
[Round "5.2"]
[White "Garcia Roman, Daniel"]
[Black "Granero Roca, Antonio"]
[Result "1-0"]
[WhiteElo "2407"]
[BlackElo "2419"]
[PlyCount "105"]
[EventDate "2017.04.22"]
[EventType "tourn"]
[EventRounds "7"]
[EventCountry "ESP"]
[SourceTitle "EXT 2024"]
[Source "ChessBase"]
[SourceDate "2023.10.10"]
[SourceVersion "1"]
[SourceVersionDate "2023.10.10"]
[SourceQuality "1"]

1. d4 Nf6 2. c4 g6 3. Nc3 Bg7 4. e4 d6 5. Be2 0-0 6. Nf3 c5 7. 0-0 cxd4 8. Nxd4 Nc6 9. Be3 Bd7 10. Qd2 Nxd4 11. Bxd4 Bc6 12. f3 a5 13. b3 Nd7 14. Be3 Nc5 15. Rab1 Qb6 16. Rfc1 Rfc8 17. Rc2 Qd8 18. Bf1 Qf8 19. Nd5 Bxd5 20. exd5 Be5 21. g3 f5 22. Bg2 Qg7 23. Bh6 Qf7 24. Re1 Rc7 25. Kh1 Bf6 26. Qe3 Rac8 27. Rce2 a4 28. g4 axb3 29. axb3 Be5 30. gxf5 gxf5 31. Bh3 Qh5 32. Qg5+ Qxg5 33. Bxg5 Rf8 34. f4 Bf6 35. Bh6 Nxb3 36. Rg2+ Kf7 37. Bxf5 e5 38. dxe6+ Ke7 39. Bxf8+ Kxf8 40. e7+ Rxe7 41. Rxe7 Kxe7 42. Bxh7 Nc5 43. Re2+ Kf7 44. Be4 Bd4 45. Kg2 Kf6 46. Kf3 Bc3 47. Rg2 b6 48. Rg6+ Ke7 49. h4 Bf6 50. h5 Kf7 51. Bd5+ Ke7 52. h6 Nd7 53. h7 1-0

[Event "Valencia-ch"]
[Site "Puerto de Sagunto"]
[Date "2017.04.23"]
[Round "4.3"]
[White "Campos Gambuti, Luis Maria"]
[Black "Garcia Roman, Daniel"]
[Result "1/2-1/2"]
[WhiteElo "2413"]
[BlackElo "2407"]
[PlyCount "38"]
[EventDate "2017.04.22"]
[EventType "tourn"]
[EventRounds "7"]
[EventCountry "ESP"]
[SourceTitle "EXT 2024"]
[Source "ChessBase"]
[SourceDate "2023.10.10"]
[SourceVersion "1"]
[SourceVersionDate "2023.10.10"]
[SourceQuality "1"]

1. d4 Nf6 2. Nf3 e6 3. c4 b6 4. a3 Bb7 5. Nc3 d5 6. cxd5 Nxd5 7. Qc2 Be7 8. Nxd5 exd5 9. Bf4 c5 10. e3 Nc6 11. Bd3 h6 12. 0-0 0-0 13. Rfd1 c4 14. Bf5 b5 15. Ne5 Na5 16. Qe2 Bg5 17. Bg3 Bh4 18. Bf4 Bg5 19. Bg3 Bh4 1/2-1/2

[Event "Valencia-ch"]
[Site "Puerto de Sagunto"]
[Date "2017.04.22"]
[Round "1.4"]
[White "Garcia Roman, Daniel"]
[Black "Cano Gimenez, Vicente"]
[Result "1-0"]
[WhiteElo "2407"]
[BlackElo "2263"]
[PlyCount "97"]
[EventDate "2017.04.22"]
[EventType "tourn"]
[EventRounds "7"]
[EventCountry "ESP"]
[SourceTitle "EXT 2024"]
[Source "ChessBase"]
[SourceDate "2023.10.10"]
[SourceVersion "1"]
[SourceVersionDate "2023.10.10"]
[SourceQuality "1"]

1. d4 Nf6 2. c4 c5 3. d5 b5 4. cxb5 a6 5. bxa6 g6 6. Nc3 Bg7 7. Nf3 0-0 8. g3 Nxa6 9. Bg2 d6 10. 0-0 Bb7 11. Nd2 Nc7 12. Nc4 Ba6 13. Ne3 Qd7 14. Re1 Rfb8 15. h3 Nb5 16. Bd2 Ne8 17. Qc1 Nec7 18. b3 Nd4 19. Rb1 Ncb5 20. Ned1 Bc8 21. e3 Nxc3 22. Bxc3 Nb5 23. Bxg7 Kxg7 24. a4 Nc7 25. Qc3+ Kg8 26. Nb2 Ba6 27. e4 Rb4 28. e5 Rab8 29. e6 fxe6 30. dxe6 Qe8 31. Nd3 Bxd3 32. Qxd3 c4 33. bxc4 Qxa4 34. Ra1 Qb3 35. Qxb3 Rxb3 36. Ra7 Rb1 37. Rxb1 Rxb1+ 38. Kh2 Nxe6 39. Rxe7 Nc5 40. Bd5+ Kh8 41. g4 g5 42. Rf7 Rb2 43. Kg3 Rb3+ 44. f3 Rb2 45. h4 h6 46. Rf6 Kg7 47. Rf7+ Kh8 48. hxg5 hxg5 49. Rf5 1-0

[Event "ESP-chT CECLUB Div2"]
[Site "Linares"]
[Date "2016.08.17"]
[Round "2"]
[White "Jimenez Martinez, Jose Vicente"]
[Black "Garcia Roman, Daniel"]
[Result "0-1"]
[WhiteElo "2329"]
[BlackElo "2423"]
[PlyCount "102"]
[EventDate "2016.08.16"]
[EventType "team"]
[EventRounds "6"]
[EventCountry "ESP"]
[SourceTitle "CBM 174 Extra"]
[Source "ChessBase"]
[SourceDate "2016.10.10"]
[SourceVersion "1"]
[SourceVersionDate "2016.10.10"]
[SourceQuality "1"]
[WhiteTeam "Excalibur"]
[BlackTeam "Mislata"]
[WhiteTeamCountry "ESP"]
[BlackTeamCountry "ESP"]

1. d4 Nf6 2. c4 g6 3. Nc3 d5 4. cxd5 Nxd5 5. e4 Nxc3 6. bxc3 Bg7 7. Be3 c5 8. Qd2 Qa5 9. Rc1 0-0 10. Nf3 Bg4 11. Be2 e6 12. d5 exd5 13. exd5 c4 14. 0-0 Nd7 15. Bh6 Bxh6 16. Qxh6 Bxf3 17. Bxf3 Ne5 18. Rfd1 Nd3 19. Rc2 Rfe8 20. Kf1 Rad8 21. h4 Re5 22. h5 Rde8 23. Kg1 Qc7 24. g3 Ne1 25. Rxe1 Rxe1+ 26. Kg2 b5 27. Rd2 Qd6 28. Rd4 Rd8 29. hxg6 hxg6 30. Bg4 Qf6 31. Be6 Rxe6 32. dxe6 Rxd4 33. exf7+ Kxf7 34. cxd4 Qxd4 35. Qh7+ Qg7 36. Qh4 c3 37. Qd8 Qe5 38. Qd7+ Kf6 39. Qc6+ Ke7 40. Qb7+ Kd6 41. Qb8+ Ke6 42. Qe8+ Kf5 43. Qf7+ Ke4 44. Qxg6+ Kd4 45. Kf1 Qd5 46. Qc2 Qf3 47. Qb3 Qh1+ 48. Ke2 Qe4+ 49. Kf1 c2 50. Qb4+ Kd3 51. Qxb5+ Qc4 0-1

[Event "ESP-ch 81st"]
[Site "Linares"]
[Date "2016.08.11"]
[Round "7"]
[White "Garcia Roman, Daniel"]
[Black "Plazuelo Pascual, Juan"]
[Result "1/2-1/2"]
[WhiteElo "2423"]
[BlackElo "2256"]
[PlyCount "67"]
[EventDate "2016.08.05"]
[EventType "swiss"]
[EventRounds "9"]
[EventCountry "ESP"]
[SourceTitle "CBM 173 Extra"]
[Source "ChessBase"]
[SourceDate "2016.08.29"]
[SourceVersion "1"]
[SourceVersionDate "2016.08.29"]
[SourceQuality "1"]

1. d4 Nf6 2. c4 e6 3. Nf3 d5 4. Nc3 c6 5. Bg5 h6 6. Bxf6 Qxf6 7. e3 Bd6 8. Bd3 0-0 9. 0-0 dxc4 10. Bxc4 Nd7 11. Bb3 Rd8 12. Rc1 Qe7 13. e4 e5 14. d5 Nc5 15. dxc6 bxc6 16. Bc4 Ne6 17. Bxe6 Bxe6 18. Qe2 a5 19. b3 Bc8 20. Rfd1 Ba6 21. Qc2 Ba3 22. Rxd8+ Rxd8 23. Rd1 Rxd1+ 24. Nxd1 Qd6 25. Ne3 Bd3 26. Qc3 Bxe4 27. Nxe5 Bb4 28. Qb2 Ba3 29. Qc3 Bb4 30. Qb2 Ba3 31. Qa1 Bc5 32. N5c4 Qg6 33. Qe5 Bd5 34. Qf5 1/2-1/2

[Event "ESP-ch 81st"]
[Site "Linares"]
[Date "2016.08.10"]
[Round "6"]
[White "Domingo Nunez, Ruben"]
[Black "Garcia Roman, Daniel"]
[Result "1/2-1/2"]
[WhiteElo "2321"]
[BlackElo "2423"]
[PlyCount "59"]
[EventDate "2016.08.05"]
[EventType "swiss"]
[EventRounds "9"]
[EventCountry "ESP"]
[SourceTitle "CBM 173 Extra"]
[Source "ChessBase"]
[SourceDate "2016.08.29"]
[SourceVersion "1"]
[SourceVersionDate "2016.08.29"]
[SourceQuality "1"]

1. e4 e6 2. d4 d5 3. Nd2 c5 4. exd5 Qxd5 5. Ngf3 cxd4 6. Bc4 Qd8 7. 0-0 a6 8. Nb3 Qc7 9. Bd3 Nc6 10. Nbxd4 Nxd4 11. Nxd4 Bd6 12. Kh1 Ne7 13. Bb5+ Bd7 14. Bxd7+ Qxd7 15. Qg4 e5 16. Qxd7+ Kxd7 17. Nb3 Rhc8 18. c3 Nd5 19. Rd1 Ke6 20. Re1 f5 21. Bd2 Nb6 22. Rad1 Nc4 23. Bc1 Kd7 24. f4 e4 25. g4 fxg4 26. Rxe4 b5 27. f5 h5 28. Bf4 Rc6 29. Rxc4 bxc4 30. Na5 1/2-1/2

[Event "ESP-ch 81st"]
[Site "Linares"]
[Date "2016.08.06"]
[Round "2"]
[White "Hernandez Estevez, Yudania"]
[Black "Garcia Roman, Daniel"]
[Result "0-1"]
[WhiteElo "2232"]
[BlackElo "2423"]
[PlyCount "110"]
[EventDate "2016.08.05"]
[EventType "swiss"]
[EventRounds "9"]
[EventCountry "ESP"]
[SourceTitle "CBM 173 Extra"]
[Source "ChessBase"]
[SourceDate "2016.08.29"]
[SourceVersion "1"]
[SourceVersionDate "2016.08.29"]
[SourceQuality "1"]

1. e4 e6 2. d4 d5 3. Nc3 Nf6 4. e5 Nfd7 5. f4 c5 6. Nf3 Nc6 7. Be3 Be7 8. Qd2 0-0 9. Be2 b6 10. 0-0 Bb7 11. Nd1 cxd4 12. Nxd4 Nc5 13. Nf2 a5 14. Rad1 Qc8 15. Rfe1 Rd8 16. Bd3 Nxd3 17. Nxd3 Ba6 18. Qf2 Bxd3 19. Rxd3 Bc5 20. c3 Bxd4 21. Bxd4 Nxd4 22. Rxd4 b5 23. a3 Rb8 24. Red1 Qc7 25. Qd2 h6 26. h3 Rb6 27. Qe3 Qb7 28. Qd3 Qb8 29. Kh1 Rc8 30. Re1 b4 31. axb4 axb4 32. c4 dxc4 33. Rxc4 Rxc4 34. Qxc4 Qd8 35. Rc1 Qd2 36. Rc2 Qe3 37. Re2 Qg3 38. Qc8+ Kh7 39. Qc2+ g6 40. Qc7 Qxf4 41. Qxb6 Qf1+ 42. Kh2 Qxe2 43. Qxb4 Qxe5+ 44. Kg1 Qe3+ 45. Kh2 e5 46. Qb7 Qf4+ 47. Kg1 e4 48. b4 Kg7 49. b5 e3 50. Qf3 Qd4 51. Kh1 Qa1+ 52. Kh2 Qe5+ 53. Qg3 Kf6 54. b6 e2 55. Qxe5+ Kxe5 0-1

[Event "Alicante-ch"]
[Site "Altea"]
[Date "2016.04.02"]
[Round "1.4"]
[White "Remolar Gallen, Jose"]
[Black "Garcia Roman, Daniel"]
[Result "0-1"]
[WhiteElo "2297"]
[BlackElo "2413"]
[PlyCount "80"]
[EventDate "2016.04.02"]
[EventType "swiss"]
[EventRounds "7"]
[EventCountry "ESP"]
[SourceTitle "EXT 2024"]
[Source "ChessBase"]
[SourceDate "2023.10.10"]
[SourceVersion "1"]
[SourceVersionDate "2023.10.10"]
[SourceQuality "1"]

1. d4 Nf6 2. Nf3 e6 3. e3 c5 4. Bd3 d5 5. b3 Bd6 6. 0-0 0-0 7. Bb2 b6 8. Nbd2 cxd4 9. exd4 Ba6 10. c4 Nc6 11. Rc1 Rc8 12. Qe2 Ne7 13. Ne5 Bb7 14. Bb1 Rc7 15. f4 h5 16. Ndf3 Nf5 17. Ng5 Qe7 18. Rfe1 Bb4 19. Red1 Bd6 20. Rd3 Bxe5 21. Qxe5 dxc4 22. bxc4 Rfc8 23. Rh3 Qb4 24. Bc3 Rxc4 25. Bxf5 exf5 26. Bxb4 Rxc1+ 27. Be1 Re8 28. Re3 Rxe5 29. Rxe5 Be4 30. Nf3 Bxf3 31. gxf3 Rd1 32. Kf2 Rxd4 33. Rxf5 Ra4 34. Bc3 Rxa2+ 35. Kg3 h4+ 36. Kh3 Rf2 37. Bxf6 gxf6 38. Rxf6 Rxf3+ 39. Kxh4 Kg7 40. Rf5 a5 0-1

[Event "ESP-chT CECLUB Div2"]
[Site "Linares"]
[Date "2014.08.19"]
[Round "3.6"]
[White "Varas, Carlos"]
[Black "Garcia Roman, Daniel"]
[Result "0-1"]
[WhiteElo "2293"]
[BlackElo "2390"]
[PlyCount "64"]
[EventDate "2014.08.18"]
[EventType "team-swiss"]
[EventRounds "6"]
[EventCountry "ESP"]
[SourceTitle "CBM 162 Extra"]
[Source "ChessBase"]
[SourceDate "2014.10.17"]
[SourceVersion "1"]
[SourceVersionDate "2014.10.17"]
[SourceQuality "1"]
[WhiteTeam "Bilbao Haitzak"]
[BlackTeam "Mislata"]
[WhiteTeamCountry "ESP"]
[BlackTeamCountry "ESP"]

1. e4 c5 2. Nf3 d6 3. d4 cxd4 4. Nxd4 Nf6 5. Nc3 g6 6. Be2 Bg7 7. 0-0 0-0 8. Be3 Nc6 9. Nb3 Be6 10. f4 Rc8 11. Kh1 Na5 12. f5 Bc4 13. Bd3 Nxb3 14. axb3 Bxd3 15. Qxd3 a6 16. Bd4 Nd7 17. Bxg7 Kxg7 18. Rad1 Nf6 19. Qd4 Qa5 20. Nd5 Rxc2 21. fxg6 fxg6 22. Nxe7 Qe5 23. Qxe5 dxe5 24. Kg1 Rxb2 25. Rd3 Rf7 26. Nc8 Nxe4 27. Re1 Nc5 28. Rd5 Nxb3 29. Kh1 Rff2 30. Rg1 Nd4 31. Nd6 Nf3 32. Ne4 Rxg2 0-1

[Event "Olomouc GM 17th"]
[Site "Olomouc"]
[Date "2014.08.03"]
[Round "5"]
[White "Kanmazalp, Ogulcan"]
[Black "Garcia Roman, Daniel"]
[Result "0-1"]
[WhiteElo "2412"]
[BlackElo "2379"]
[PlyCount "106"]
[EventDate "2014.07.30"]
[EventType "tourn"]
[EventRounds "9"]
[EventCountry "CZE"]
[EventCategory "8"]
[SourceTitle "CBM 161 Extra"]
[Source "ChessBase"]
[SourceDate "2014.08.29"]
[SourceVersion "1"]
[SourceVersionDate "2014.08.29"]
[SourceQuality "1"]

1. e4 e6 2. d4 d5 3. Nd2 Nf6 4. e5 Nfd7 5. Bd3 c5 6. c3 Nc6 7. Ne2 cxd4 8. cxd4 f6 9. exf6 Nxf6 10. 0-0 Bd6 11. Nf3 Qc7 12. Bd2 0-0 13. Rc1 Bd7 14. Ng3 Qb6 15. Bc3 Bf4 16. Rc2 Nb4 17. Bxb4 Qxb4 18. Ne2 Bh6 19. Nc3 Kh8 20. Re1 Rae8 21. Rce2 Ng4 22. Bb1 Rxf3 23. gxf3 Nf6 24. Qd3 g6 25. Bc2 Bf4 26. Bb3 Qf8 27. Kg2 Qh6 28. Rh1 Qg5+ 29. Kf1 Qh4 30. Ba4 Qh3+ 31. Ke1 Bxa4 32. Nxa4 Rc8 33. Nc3 Ng4 34. Rxe6 Nxf2 35. Qe2 Nxh1 36. Re8+ Rxe8 37. Qxe8+ Kg7 38. Qe7+ Kh6 39. Nxd5 Bg5 40. Qf8+ Kh5 41. Nf4+ Bxf4 42. Qxf4 Qg2 43. d5 Qf2+ 44. Kd1 Qf1+ 45. Kd2 Nf2 46. Qe5+ g5 47. Qe8+ Kh4 48. Qd7 Qd3+ 49. Ke1 Qc2 50. Kf1 h5 51. Qd6 Nh1 52. Qb4+ Kh3 53. Qe1 Qg2# 0-1

[Event "Olomouc GM 17th"]
[Site "Olomouc"]
[Date "2014.07.31"]
[Round "2"]
[White "Garcia Roman, Daniel"]
[Black "Cernousek, Lukas"]
[Result "1/2-1/2"]
[WhiteElo "2379"]
[BlackElo "2457"]
[PlyCount "57"]
[EventDate "2014.07.30"]
[EventType "tourn"]
[EventRounds "9"]
[EventCountry "CZE"]
[EventCategory "8"]
[SourceTitle "CBM 161 Extra"]
[Source "ChessBase"]
[SourceDate "2014.08.29"]
[SourceVersion "1"]
[SourceVersionDate "2014.08.29"]
[SourceQuality "1"]

1. d4 Nf6 2. c4 g6 3. Nf3 Bg7 4. g3 0-0 5. Bg2 c5 6. 0-0 Nc6 7. Nc3 d6 8. d5 Na5 9. Nd2 a6 10. Qc2 b5 11. cxb5 axb5 12. Nxb5 Qb6 13. Nc3 Bf5 14. e4 Bc8 15. Rd1 Ba6 16. Nf3 Rfb8 17. Rb1 Nd7 18. Bh3 Ne5 19. Nxe5 Bxe5 20. b3 Qb4 21. Bd2 Qa3 22. Bc1 Qb4 23. Bd2 Qa3 24. Na4 Be2 25. Re1 Bb5 26. Bc1 Qb4 27. Bd2 Qa3 28. Bc1 Qb4 29. Bd2 1/2-1/2

[Event "Olomouc GM 17th"]
[Site "Olomouc"]
[Date "2014.07.30"]
[Round "1"]
[White "Ali Marandi, Cemil Can"]
[Black "Garcia Roman, Daniel"]
[Result "0-1"]
[WhiteElo "2385"]
[BlackElo "2379"]
[PlyCount "106"]
[EventDate "2014.07.30"]
[EventType "tourn"]
[EventRounds "9"]
[EventCountry "CZE"]
[EventCategory "8"]
[SourceTitle "CBM 161 Extra"]
[Source "ChessBase"]
[SourceDate "2014.08.29"]
[SourceVersion "1"]
[SourceVersionDate "2014.08.29"]
[SourceQuality "1"]

1. e4 e6 2. d4 d5 3. Nd2 a6 4. Bd3 c5 5. dxc5 Bxc5 6. Ngf3 Nf6 7. e5 Ng4 8. 0-0 Nc6 9. Nb3 Ba7 10. Bf4 f6 11. Nfd4 Ngxe5 12. Nxc6 Nxc6 13. Qh5+ Kf8 14. c4 e5 15. cxd5 Qxd5 16. Rfd1 Qf7 17. Qxf7+ Kxf7 18. Bc4+ Ke7 19. Be3 Bxe3 20. fxe3 Rd8 21. h3 Rxd1+ 22. Rxd1 b6 23. Kf2 Be6 24. Bxe6 Kxe6 25. Ke2 Rc8 26. Rd2 Nb4 27. a3 Nd5 28. Na1 f5 29. Nc2 a5 30. Ne1 Nf6 31. Rd3 Ne4 32. Rb3 Rc6 33. Nd3 Nd6 34. a4 g6 35. Kd1 Nc4 36. Ke2 Nd6 37. Kd1 h5 38. h4 Nc4 39. Ke2 Nd6 40. Kd1 Kf6 41. Ke2 Ne8 42. Rb5 Nc7 43. Rb3 Nd5 44. Kd2 Rc4 45. Rb5 Ke6 46. b4 axb4 47. g3 b3 48. a5 Rc2+ 49. Ke1 bxa5 50. Rxb3 Rc3 51. Kd2 Rxb3 52. Nc5+ Kd6 53. Nxb3 a4 0-1

[Event "Pardubice Czech op-A 25th"]
[Site "Pardubice"]
[Date "2014.07.26"]
[Round "9"]
[White "Sochacki, Wojtek"]
[Black "Garcia Roman, Daniel"]
[Result "1/2-1/2"]
[WhiteElo "2281"]
[BlackElo "2379"]
[PlyCount "169"]
[EventDate "2014.07.18"]
[EventType "swiss"]
[EventRounds "9"]
[EventCountry "CZE"]
[SourceTitle "CBM 161 Extra"]
[Source "ChessBase"]
[SourceDate "2014.08.29"]
[SourceVersion "1"]
[SourceVersionDate "2014.08.29"]
[SourceQuality "1"]

1. d4 e6 2. c4 Nf6 3. g3 Bb4+ 4. Bd2 c5 5. Bxb4 cxb4 6. Bg2 0-0 7. e4 d6 8. Ne2 e5 9. 0-0 Nc6 10. a3 bxa3 11. Nxa3 Qb6 12. d5 Nb4 13. Qd2 a5 14. c5 Qxc5 15. Rfc1 Qa7 16. Nc4 Ng4 17. Nc3 Qc5 18. Na4 Qxf2+ 19. Qxf2 Nxf2 20. Ncb6 Nh3+ 21. Bxh3 Bxh3 22. Nxa8 Rxa8 23. Rc7 b5 24. Nc3 Nc2 25. Rc1 Nd4 26. Kf2 f5 27. exf5 Bxf5 28. g4 Bxg4 29. Rg1 Rf8+ 30. Ke3 h5 31. Ne4 Rf3+ 32. Kd2 Rf4 33. Ng5 Rf2+ 34. Ke1 Rf5 35. Rc8+ Rf8 36. Rxf8+ Kxf8 37. Rf1+ Ke8 38. Rf7 g6 39. Ra7 Bf5 40. Nf7 a4 41. Nxd6+ Kd8 42. Nf7+ Kc8 43. Nxe5 Kb8 44. Re7 b4 45. Nc6+ Nxc6 46. dxc6 a3 47. Rb7+ Kc8 48. Rxb4 axb2 49. Rxb2 Kc7 50. h4 Kxc6 51. Rd2 Kc7 52. Kf2 Kc6 53. Ke3 Kc7 54. Kf4 Kc6 55. Ke5 Kc7 56. Rd1 Kc6 57. Ra1 Kd7 58. Ra7+ Kc6 59. Rf7 Bb1 60. Rf6+ Kd7 61. Rd6+ Ke7 62. Rb6 Bf5 63. Rb7+ Kf8 64. Kf6 Kg8 65. Kg5 Be4 66. Rb4 Bf5 67. Kh6 Kf7 68. Rb7+ Kf6 69. Rb8 Kf7 70. Rb2 Kf6 71. Rf2 Kf7 72. Kg5 Kg7 73. Ra2 Kf7 74. Ra6 Kg7 75. Ra7+ Kf8 76. Kh6 Kg8 77. Rg7+ Kf8 78. Rxg6 Bxg6 79. Kxg6 Kg8 80. Kxh5 Kh8 81. Kh6 Kg8 82. h5 Kh8 83. Kg6 Kg8 84. h6 Kh8 85. h7 1/2-1/2

[Event "Pardubice Czech op-A 25th"]
[Site "Pardubice"]
[Date "2014.07.24"]
[Round "7"]
[White "Simacek, Pavel"]
[Black "Garcia Roman, Daniel"]
[Result "1/2-1/2"]
[WhiteElo "2470"]
[BlackElo "2379"]
[PlyCount "56"]
[EventDate "2014.07.18"]
[EventType "swiss"]
[EventRounds "9"]
[EventCountry "CZE"]
[SourceTitle "CBM 161 Extra"]
[Source "ChessBase"]
[SourceDate "2014.08.29"]
[SourceVersion "1"]
[SourceVersionDate "2014.08.29"]
[SourceQuality "1"]

1. e4 e6 2. d4 d5 3. e5 c5 4. c3 Qb6 5. Nf3 Nc6 6. a3 Bd7 7. b4 cxd4 8. cxd4 Rc8 9. Bb2 Na5 10. Nbd2 Nc4 11. Nxc4 dxc4 12. Qc2 Ne7 13. Rc1 a5 14. Bxc4 axb4 15. 0-0 Nd5 16. Qd3 bxa3 17. Bxa3 Bxa3 18. Qxa3 Qb4 19. Qd3 Nf4 20. Qe4 Rxc4 21. Rb1 Qe7 22. Qxf4 Bc6 23. Nd2 Rb4 24. Rxb4 Qxb4 25. Rb1 Qa4 26. Ne4 Bxe4 27. Qxe4 0-0 28. h3 b5 1/2-1/2

[Event "Pardubice Czech op-A 25th"]
[Site "Pardubice"]
[Date "2014.07.23"]
[Round "6"]
[White "Garcia Roman, Daniel"]
[Black "Vishnu, Prasanna V"]
[Result "1/2-1/2"]
[WhiteElo "2379"]
[BlackElo "2459"]
[PlyCount "25"]
[EventDate "2014.07.18"]
[EventType "swiss"]
[EventRounds "9"]
[EventCountry "CZE"]
[SourceTitle "CBM 161 Extra"]
[Source "ChessBase"]
[SourceDate "2014.08.29"]
[SourceVersion "1"]
[SourceVersionDate "2014.08.29"]
[SourceQuality "1"]

1. d4 Nf6 2. c4 e6 3. Nc3 Bb4 4. Nf3 d5 5. Bg5 h6 6. Bxf6 Qxf6 7. cxd5 exd5 8. Rc1 0-0 9. a3 Bxc3+ 10. Rxc3 c6 11. e3 Bg4 12. Be2 Nd7 13. Ne5 1/2-1/2

[Event "Pardubice Czech op-A 25th"]
[Site "Pardubice"]
[Date "2014.07.22"]
[Round "5"]
[White "Vorobiov, Evgeny E"]
[Black "Garcia Roman, Daniel"]
[Result "1-0"]
[WhiteElo "2591"]
[BlackElo "2379"]
[PlyCount "75"]
[EventDate "2014.07.18"]
[EventType "swiss"]
[EventRounds "9"]
[EventCountry "CZE"]
[SourceTitle "CBM 161 Extra"]
[Source "ChessBase"]
[SourceDate "2014.08.29"]
[SourceVersion "1"]
[SourceVersionDate "2014.08.29"]
[SourceQuality "1"]

1. Nf3 Nf6 2. c4 e6 3. Nc3 d5 4. d4 dxc4 5. e4 Bb4 6. Bg5 c5 7. e5 cxd4 8. Nxd4 Bxc3+ 9. bxc3 Qa5 10. exf6 Qxg5 11. fxg7 Qxg7 12. Qf3 0-0 13. Bxc4 Nd7 14. Be2 Nc5 15. Qe3 b6 16. 0-0 Bb7 17. Bf3 Bxf3 18. Nxf3 Rad8 19. Rad1 Qf6 20. Rd4 Rxd4 21. cxd4 Nd7 22. Rc1 Rd8 23. h3 Nf8 24. Ne5 Ng6 25. Rc7 Nxe5 26. dxe5 Qg6 27. Rxa7 b5 28. Kh2 Rd5 29. a4 Qf5 30. Qg3+ Qg6 31. Qa3 Kg7 32. Ra8 Rxe5 33. Qf8+ Kf6 34. Qd8+ Kf5 35. axb5 Rd5 36. Qh4 h5 37. b6 Rb5 38. Rh8 1-0

[Event "Ibiza La Marina"]
[Site "Ibiza"]
[Date "2013.10.18"]
[Round "9"]
[White "Ringoir, Tanguy"]
[Black "Garcia Roman, Daniel"]
[Result "1/2-1/2"]
[WhiteElo "2511"]
[BlackElo "2391"]
[PlyCount "77"]
[EventDate "2013.10.12"]
[EventType "tourn"]
[EventRounds "9"]
[EventCountry "ESP"]
[EventCategory "8"]
[SourceTitle "EXT 2014"]
[Source "ChessBase"]
[SourceDate "2013.11.20"]
[SourceVersion "1"]
[SourceVersionDate "2013.11.20"]
[SourceQuality "1"]

1. d4 Nf6 2. c4 e6 3. Nc3 Bb4 4. e3 0-0 5. Nge2 d5 6. a3 Bd6 7. Ng3 c5 8. dxc5 Bxc5 9. b4 Be7 10. Bb2 dxc4 11. Bxc4 Nc6 12. 0-0 Ne5 13. Be2 Qxd1 14. Rfxd1 Bd7 15. Nce4 Nxe4 16. Nxe4 Bc6 17. Bxe5 Bxe4 18. f3 Bc6 19. b5 Bd5 20. e4 Bb3 21. Rd7 Bc5+ 22. Bd4 Bxd4+ 23. Rxd4 e5 24. Rd7 b6 25. Rc1 Be6 26. Re7 Rfe8 27. Rxe8+ Rxe8 28. Rc7 Ra8 29. a4 Kf8 30. f4 exf4 31. Bf3 g5 32. h3 h5 33. Bxh5 Bb3 34. Kh2 Kg7 35. e5 Re8 36. e6 Bxe6 37. Rxa7 Bb3 38. Rb7 Re5 39. Rxb6 1/2-1/2

[Event "Ibiza La Marina"]
[Site "Ibiza"]
[Date "2013.10.14"]
[Round "3"]
[White "Garcia Roman, Daniel"]
[Black "Campos Moreno, Javier B"]
[Result "1/2-1/2"]
[WhiteElo "2391"]
[BlackElo "2471"]
[PlyCount "34"]
[EventDate "2013.10.12"]
[EventType "tourn"]
[EventRounds "9"]
[EventCountry "ESP"]
[EventCategory "8"]
[SourceTitle "EXT 2014"]
[Source "ChessBase"]
[SourceDate "2013.11.20"]
[SourceVersion "1"]
[SourceVersionDate "2013.11.20"]
[SourceQuality "1"]

1. d4 Nf6 2. c4 c5 3. d5 e6 4. Nc3 exd5 5. cxd5 d6 6. e4 g6 7. h3 Bg7 8. Nf3 a6 9. a4 Nbd7 10. Bd3 Nh5 11. Bg5 Bf6 12. Bd2 Ne5 13. Be2 Nxf3+ 14. Bxf3 Ng7 15. a5 0-0 16. 0-0 Bd7 17. Qc2 Be5 1/2-1/2

[Event "Budapest FS09 GM"]
[Site "Budapest"]
[Date "2013.09.09"]
[Round "2"]
[White "Garcia Roman, Daniel"]
[Black "Arngrimsson, Dagur"]
[Result "0-1"]
[WhiteElo "2399"]
[BlackElo "2381"]
[PlyCount "142"]
[EventDate "2013.09.07"]
[EventType "tourn"]
[EventRounds "9"]
[EventCountry "HUN"]
[EventCategory "7"]
[SourceTitle "CBM 156 Extra"]
[Source "ChessBase"]
[SourceDate "2013.10.22"]
[SourceVersion "1"]
[SourceVersionDate "2013.10.22"]
[SourceQuality "1"]

1. d4 d5 2. c4 c6 3. e3 Nf6 4. Bd3 e5 5. dxe5 dxc4 6. Be2 Qxd1+ 7. Bxd1 Ng4 8. f4 Bc5 9. Ke2 Bf5 10. Nc3 h5 11. h3 Bd3+ 12. Kf3 Nd7 13. Nge2 0-0-0 14. Ng3 Nh6 15. Nxh5 Nf5 16. g4 Nh4+ 17. Kg3 g5 18. fxg5 Ng6 19. Nf4 Ngxe5 20. Nxd3 Nxd3 21. Ne4 Be7 22. Bf3 N7c5 23. h4 Rhe8 24. Nf6 Bd6+ 25. Kg2 Re7 26. h5 Bc7 27. h6 Nxc1 28. h7 Rh8 29. Raxc1 Nd3 30. Rxc4 Rxe3 31. Re4 Nf4+ 32. Kf2 Rxe4 33. Bxe4 Be5 34. Kf3 Kc7 35. Bf5 Nd5 36. Ng8 Bxb2 37. Nh6 Rf8 38. Ng8 Bh8 39. Rh6 Re8 40. Be4 Nc3 41. Bf5 Nd5 42. Be4 Nc3 43. Bc2 Nb5 44. Bb3 Nd4+ 45. Kg3 Re3+ 46. Kg2 Re2+ 47. Kf1 Re4 48. Rf6 Rxg4 49. Rxf7+ Kb6 50. Ne7 Rxg5 51. Nc8+ Kc5 52. Rf8 Rf5+ 53. Rxf5+ Nxf5 54. Nxa7 Ne7 55. Be6 Kd6 56. Bg4 Kc7 57. Kg2 Kb8 58. Nxc6+ bxc6 59. Kf3 c5 60. Be6 Kc7 61. Ke4 Kd6 62. Bc4 Bf6 63. Kd3 Ng6 64. Bg8 Kc6 65. Kc4 Ne5+ 66. Kb3 Kb5 67. Bd5 Nd7 68. Bg8 Nb6 69. Bf7 Kc6 70. a4 Bg7 71. a5 Na8 0-1

[Event "Olomouc op"]
[Site "Olomouc"]
[Date "2012.08.08"]
[Round "8"]
[White "Garcia Roman, Daniel"]
[Black "Sivuk, Vitaly"]
[Result "1-0"]
[WhiteElo "2386"]
[BlackElo "2480"]
[PlyCount "105"]
[EventDate "2012.08.02"]
[EventType "swiss"]
[EventRounds "9"]
[EventCountry "CZE"]
[SourceTitle "CBM 149 Extra"]
[Source "ChessBase"]
[SourceDate "2012.08.24"]
[SourceVersion "1"]
[SourceVersionDate "2012.08.24"]
[SourceQuality "1"]

1. d4 f5 2. g3 Nf6 3. Bg2 g6 4. Nh3 Bg7 5. Nf4 Nc6 6. d5 Ne5 7. h4 Nf7 8. Nc3 e5 9. dxe6 dxe6 10. Qxd8+ Kxd8 11. h5 g5 12. Nd3 h6 13. f4 c6 14. e4 e5 15. fxe5 Nxe4 16. Nxe4 fxe4 17. Bxe4 Nxe5 18. 0-0 Be6 19. Nc5 Bc4 20. Rd1+ Kc7 21. b3 Bf7 22. Bb2 Rhd8 23. Rxd8 Rxd8 24. Rf1 Bg8 25. Nd3 Re8 26. Bg6 Re7 27. Bxe5+ Bxe5 28. Nxe5 Rxe5 29. Rf8 Be6 30. Rh8 Bd5 31. c4 Bf3 32. Rxh6 Re2 33. Rh8 Bxh5 34. Rxh5 Rxa2 35. c5 Rb2 36. Rh7+ Kb8 37. Rh8+ Kc7 38. Rh7+ Kb8 39. Rh8+ Kc7 40. Bf5 b5 41. Rh7+ Kb8 42. Rh6 Rxb3 43. Kf2 a5 44. Rxc6 a4 45. Rc8+ Kb7 46. c6+ Kb6 47. Be6 Rb2+ 48. Ke3 a3 49. c7 b4 50. Bd5 Rb1 51. Kd4 Rg1 52. Ke5 a2 53. Kd6 1-0